| 000 | 02384nam0a2200409 4500 | ||
|---|---|---|---|
| 001 | RU\NLR\bibl\1354108 | ||
| 005 | 20260409074710.0 | ||
| 010 |
_a978-5-8021-0811-6 _bв обл. _9580 |
||
| 021 |
_aRU _b2009-10248 _9599 |
||
| 035 | _a(NLR Aleph) 001339170 | ||
| 035 | _a(nilc)EL/0000214997 | ||
| 090 |
_a849691 _c849691 |
||
| 100 | _a20080918d2008 k y0rusy50 ca | ||
| 101 | 0 | _arus | |
| 102 | _aRU | ||
| 105 | _aac z ||||| | ||
| 200 | 1 |
_aТолерантность: искусство жить вместе _eматериалы межрегиональной научно-практической конфереции, (15 ноября 2007 года) _f[редкол.: к.и.н. Р. Р. Пивненко (отв. ред.) и др.] |
|
| 210 |
_aПетрозаводск _cИзд-во ПетрГУ _d2008 |
||
| 215 |
_a318 с. _cил., портр. _d20 |
||
| 300 | _aВ надзаг.: М-во Респ. Карелия по вопр. нац. политики и связям с религиоз. об-ниями, Администрация муницип. образования "Петрозав. гор. округ", Карел. фил. ФГОУ ВПО "Сев.-Зап. акад. гос. службы" в г. Петрозаводске, ГОУ СПО Респ. Карелия "Петрозав. пед. колледж" | ||
| 300 | _aНа обл. в подзаг.: Материалы Международной научно-практической конференции ... | ||
| 320 | _aБиблиогр. в подстроч. примеч. | ||
| 606 |
_aТолерантность (социол.) _jСъезды, совещания и т.п. _3RU\NLR\auth\661321405 _92198822 |
||
| 686 |
_a60.524.251я431 _vLBC/M _2rubbk |
||
| 686 | _aС550.67я431 | ||
| 686 | _aС550.566я431 | ||
| 686 | _aС550.74я431 | ||
| 702 | 1 |
_aПивненко _bР. Р. _gРоман Рудольфович _4340 |
|
| 711 | 1 | 2 |
_a"Толерантность: искусство жить вместе", межрегиональная научно-практическая конференция _f2007 _eПетрозаводск _3RU\NLR\AUTH\8810131429 _9759560 |
| 801 | 0 |
_aRU _bНБР Карелия _c20080918 _grcr |
|
| 801 | 1 |
_aRU _bНБР Карелия _c20080918 |
|
| 801 | 2 |
_aRU _bNLR _c20090408 _grcr |
|
| 942 | _cBOOK | ||
| 980 | _aNB | ||
| 980 | _aNBR | ||